[Event "DEM U14 2024"]
[Site "Willingen GER"]
[Date "2024.05.24"]
[Round "8"]
[White "Han, Erdem"]
[Black "Jablonski, Ture"]
[Result "1-0"]
[Termination "normal"]
[Board "24"]
[WhiteElo "1654"]
[BlackElo "1583"]
[WhiteClock "00:18:55"]
[BlackClock "00:08:10"]
[PlyCount "55"]
[WhiteFideId "533000646"]
[BlackFideId "34640452"]
[EventCountry "GER"]
[EventRounds "9"]
[EventType "swiss"]
[EventDate "2024.05.18"]

1. d4 {[%clk 01:30:58]} {[%emt 00:00:02]} d5 {[%clk 01:30:59]} {[%emt
00:00:03]} 2. c4 {[%clk 01:31:10]} {[%emt 00:00:17]} c6 {[%clk 01:31:26]}
{[%emt 00:00:02]} 3. cxd5 {[%clk 01:31:05]} {[%emt 00:00:38]} cxd5 {[%clk
01:31:55]} 4. Nc3 {[%clk 01:31:07]} {[%emt 00:00:28]} Nf6 {[%clk 01:32:23]}
{[%emt 00:00:02]} 5. f3 {[%clk 01:30:39]} {[%emt 00:00:57]} Nc6 {[%clk
01:30:48]} {[%emt 00:02:05]} 6. e4 {[%clk 01:29:33]} {[%emt 00:01:37]} dxe4
{[%clk 01:30:44]} {[%emt 00:00:33]} 7. d5 {[%clk 01:28:53]} {[%emt 00:01:11]}
Ne5 {[%clk 01:23:42]} {[%emt 00:07:31]} 8. fxe4 {[%clk 01:26:28]} {[%emt
00:02:55]} e6 {[%clk 01:23:16]} {[%emt 00:00:56]} 9. Nf3 {[%clk 01:24:34]}
{[%emt 00:02:23]} Nxf3+ {[%clk 01:21:29]} {[%emt 00:02:18]} 10. Qxf3 {[%clk
01:24:29]} {[%emt 00:00:33]} exd5 {[%clk 01:21:27]} {[%emt 00:00:34]} 11. e5
{[%clk 01:22:25]} {[%emt 00:02:34]} Ne4 {[%clk 01:18:06]} {[%emt 00:03:50]} 12.
Bb5+ {[%clk 01:20:37]} {[%emt 00:02:19]} Bd7 {[%clk 01:18:04]} {[%emt
00:00:31]} 13. Rf1 {[%clk 01:18:38]} {[%emt 00:02:29]} f6 {[%clk 01:11:56]}
{[%emt 00:06:33]} 14. exf6 {[%clk 01:16:21]} {[%emt 00:02:53]} Nxf6 {[%clk
01:07:13]} {[%emt 00:05:11]} 15. Qe2+ {[%clk 01:15:19]} {[%emt 00:01:26]} Qe7
{[%clk 01:06:50]} {[%emt 00:01:00]} 16. Bxd7+ {[%clk 01:13:07]} {[%emt
00:02:43]} Kxd7 {[%clk 01:06:57]} {[%emt 00:00:22]} 17. Be3 {[%clk 01:12:26]}
{[%emt 00:01:11]} Re8 {[%clk 00:49:02]} {[%emt 00:18:22]} 18. Rf3 {[%clk
01:09:03]} {[%emt 00:03:55]} Qb4 {[%clk 00:48:03]} {[%emt 00:01:32]} 19. O-O-O
{[%clk 01:07:34]} {[%emt 00:01:58]} Bc5 {[%clk 00:38:59]} {[%emt 00:09:32]} 20.
Nxd5 {[%clk 00:59:35]} {[%emt 00:08:30]} Nxd5 {[%clk 00:36:15]} {[%emt
00:03:11]} 21. Rxd5+ {[%clk 00:58:12]} {[%emt 00:01:56]} Kc6 {[%clk 00:36:18]}
{[%emt 00:00:27]} 22. Rd3 {[%clk 00:40:26]} {[%emt 00:18:16]} Qc4+ {[%clk
00:29:23]} {[%emt 00:07:18]} 23. Kb1 {[%clk 00:38:47]} {[%emt 00:02:17]} Re4
{[%clk 00:19:43]} {[%emt 00:10:08]} 24. Qd2 {[%clk 00:21:22]} {[%emt 00:17:55]}
Rxe3 {[%clk 00:13:27]} {[%emt 00:06:48]} 25. Rfxe3 {[%clk 00:21:24]} {[%emt
00:00:28]} Bxe3 {[%clk 00:13:25]} {[%emt 00:00:32]} 26. Qxe3 {[%clk 00:21:35]}
{[%emt 00:00:20]} Qf7 {[%clk 00:09:24]} {[%emt 00:04:30]} 27. Rc3+ {[%clk
00:19:26]} {[%emt 00:02:39]} Kd6 {[%clk 00:08:10]} {[%emt 00:01:43]} 28. Qd2+
{[%clk 00:18:55]} {[%emt 00:01:01]} 1-0

[Event "DEM U14 2024"]
[Site "Willingen GER"]
[Date "2024.05.24"]
[Round "8"]
[White "Keßler, Leo"]
[Black "Sasse, Conan"]
[Result "0-1"]
[Termination "normal"]
[Board "25"]
[WhiteElo "1640"]
[BlackElo "1779"]
[WhiteClock "00:07:42"]
[BlackClock "00:50:32"]
[PlyCount "84"]
[WhiteFideId "533000638"]
[BlackFideId "34684336"]
[EventCountry "GER"]
[EventRounds "9"]
[EventType "swiss"]
[EventDate "2024.05.18"]

1. e4 {[%clk 01:30:56]} {[%emt 00:00:04]} c5 {[%clk 01:30:53]} {[%emt
00:00:06]} 2. Nf3 {[%clk 01:31:22]} {[%emt 00:00:04]} d6 {[%clk 01:31:17]}
{[%emt 00:00:05]} 3. c3 {[%clk 01:31:48]} {[%emt 00:00:04]} Nf6 {[%clk
01:31:39]} {[%emt 00:00:09]} 4. h3 {[%clk 01:32:12]} {[%emt 00:00:06]} Nbd7
{[%clk 01:30:33]} {[%emt 00:01:37]} 5. Bd3 {[%clk 01:32:11]} {[%emt 00:00:30]}
g6 {[%clk 01:30:41]} {[%emt 00:00:22]} 6. Bc2 {[%clk 01:32:26]} {[%emt
00:00:15]} Bg7 {[%clk 01:31:06]} {[%emt 00:00:05]} 7. d4 {[%clk 01:32:48]}
{[%emt 00:00:08]} cxd4 {[%clk 01:31:30]} {[%emt 00:00:06]} 8. cxd4 {[%clk
01:33:13]} {[%emt 00:00:05]} O-O {[%clk 01:31:24]} {[%emt 00:00:36]} 9. O-O
{[%clk 01:33:33]} {[%emt 00:00:10]} Qc7 {[%clk 01:29:46]} {[%emt 00:02:08]} 10.
Nc3 {[%clk 01:26:26]} {[%emt 00:07:37]} a6 {[%clk 01:30:11]} {[%emt 00:00:05]}
11. Be3 {[%clk 01:25:17]} {[%emt 00:01:39]} b5 {[%clk 01:30:11]} {[%emt
00:00:30]} 12. Rc1 {[%clk 01:13:22]} {[%emt 00:12:25]} Bb7 {[%clk 01:30:15]}
{[%emt 00:00:27]} 13. d5 {[%clk 01:12:27]} {[%emt 00:01:23]} Rac8 {[%clk
01:24:08]} {[%emt 00:06:38]} 14. Bd3 {[%clk 01:08:35]} {[%emt 00:04:22]} Nc5
{[%clk 01:18:14]} {[%emt 00:06:24]} 15. b4 {[%clk 01:07:50]} {[%emt 00:01:15]}
Nxd3 {[%clk 01:18:36]} {[%emt 00:00:07]} 16. Qxd3 {[%clk 01:08:17]} {[%emt
00:00:04]} Qc4 {[%clk 01:18:56]} {[%emt 00:00:10]} 17. Qb1 {[%clk 01:06:48]}
{[%emt 00:01:41]} Nd7 {[%clk 01:00:31]} {[%emt 00:19:13]} 18. Nd2 {[%clk
01:04:15]} {[%emt 00:03:03]} Qxc3 {[%clk 01:00:43]} {[%emt 00:00:19]} 19. Rxc3
{[%clk 01:03:53]} {[%emt 00:00:51]} Bxc3 {[%clk 01:00:47]} {[%emt 00:00:25]}
20. Nf3 {[%clk 01:03:23]} {[%emt 00:01:01]} Rc4 {[%clk 00:58:28]} {[%emt
00:02:49]} 21. a3 {[%clk 00:45:29]} {[%emt 00:18:24]} Nf6 {[%clk 00:53:58]}
{[%emt 00:05:00]} 22. Bd2 {[%clk 00:44:50]} {[%emt 00:01:09]} Nxe4 {[%clk
00:52:48]} {[%emt 00:01:39]} 23. Bxc3 {[%clk 00:45:11]} {[%emt 00:00:10]} Nxc3
{[%clk 00:53:09]} {[%emt 00:00:08]} 24. Qd3 {[%clk 00:44:44]} {[%emt 00:00:57]}
Bxd5 {[%clk 00:53:19]} {[%emt 00:00:20]} 25. Nd2 {[%clk 00:41:15]} {[%emt
00:03:59]} Rc6 {[%clk 00:53:16]} {[%emt 00:00:30]} 26. Nb1 {[%clk 00:21:50]}
{[%emt 00:19:59]} Be4 {[%clk 00:51:05]} {[%emt 00:02:40]} 27. Qe3 {[%clk
00:13:46]} {[%emt 00:08:35]} Bxb1 {[%clk 00:51:24]} {[%emt 00:00:10]} 28. Qxe7
{[%clk 00:14:10]} {[%emt 00:00:07]} Bd3 {[%clk 00:50:07]} {[%emt 00:01:47]} 29.
Re1 {[%clk 00:14:12]} {[%emt 00:00:27]} Ne2+ {[%clk 00:50:31]} {[%emt
00:00:06]} 30. Rxe2 {[%clk 00:13:25]} {[%emt 00:01:18]} Bxe2 {[%clk 00:50:56]}
{[%emt 00:00:05]} 31. Qxe2 {[%clk 00:13:50]} {[%emt 00:00:05]} d5 {[%clk
00:51:18]} {[%emt 00:00:08]} 32. Qe5 {[%clk 00:13:52]} {[%emt 00:00:28]} Rd8
{[%clk 00:51:28]} {[%emt 00:00:19]} 33. Qe7 {[%clk 00:14:06]} {[%emt 00:00:17]}
Rcd6 {[%clk 00:51:51]} {[%emt 00:00:07]} 34. Qe3 {[%clk 00:13:30]} {[%emt
00:01:03]} d4 {[%clk 00:52:07]} {[%emt 00:00:17]} 35. Qd3 {[%clk 00:13:45]}
{[%emt 00:00:13]} Rc6 {[%clk 00:52:32]} {[%emt 00:00:05]} 36. Kf1 {[%clk
00:12:02]} {[%emt 00:02:15]} Rc3 {[%clk 00:52:43]} {[%emt 00:00:19]} 37. Qd2
{[%clk 00:12:21]} {[%emt 00:00:10]} d3 {[%clk 00:52:47]} {[%emt 00:00:27]} 38.
Qg5 {[%clk 00:11:45]} {[%emt 00:01:06]} Rd7 {[%clk 00:52:25]} {[%emt 00:00:52]}
39. Qe3 {[%clk 00:10:09]} {[%emt 00:02:04]} Rcc7 {[%clk 00:51:13]} {[%emt
00:01:41]} 40. Qd2 {[%clk 00:10:23]} {[%emt 00:00:18]} Rc2 {[%clk 00:50:37]}
{[%emt 00:01:05]} 41. Qe3 {[%clk 00:10:14]} {[%emt 00:00:40]} Re2 {[%clk
00:50:37]} {[%emt 00:00:30]} 42. Qc1 {[%clk 00:07:42]} {[%emt 00:03:03]} Rde7
{[%clk 00:50:32]} {[%emt 00:00:34]} 0-1